[Event "Bundesliga 9899"]
[Site "Deutschland"]
[Date "1998.10.17"]
[Round "1.3"]
[White "Wells, Peter K"]
[Black "Maiwald, Jens Uwe"]
[Result "1/2-1/2"]
[WhiteElo "2530"]
[BlackElo "2460"]
[PlyCount "31"]
[EventDate "1998.10.17"]
[EventType "team"]
[EventRounds "15"]
[EventCountry "GER"]
[SourceTitle "Bundesliga 9899"]
[Source "DeepChess"]
[SourceDate "2005.01.01"]
[SourceVersion "1"]
[SourceVersionDate "2005.01.01"]
[SourceQuality "1"]
[WhiteTeam "SK Passau 1869"]
[BlackTeam "Dresdner SC 1898"]
[WhiteTeamCountry "GER"]
[BlackTeamCountry "GER"]

1. d4 g6 2. e4 d6 3. c4 Nf6 4. Nc3 Bg7 5. f4 O-O 6. Nf3 c5 7. d5 e6 8. Be2 exd5
9. cxd5 Bg4 10. O-O Nbd7 11. Re1 Bxf3 12. Bxf3 Ne8 13. Be3 Rb8 14. Qd2 b5 15.
a3 a5 16. Bf2 1/2-1/2

[Event "Bundesliga 9899"]
[Site "Deutschland"]
[Date "1998.10.17"]
[Round "1.4"]
[White "Boensch, Uwe"]
[Black "Smejkal, Jan"]
[Result "1/2-1/2"]
[WhiteElo "2545"]
[BlackElo "2525"]
[PlyCount "124"]
[EventDate "1998.10.17"]
[EventType "team"]
[EventRounds "15"]
[EventCountry "GER"]
[SourceTitle "Bundesliga 9899"]
[Source "DeepChess"]
[SourceDate "2005.01.01"]
[SourceVersion "1"]
[SourceVersionDate "2005.01.01"]
[SourceQuality "1"]
[WhiteTeam "Dresdner SC 1898"]
[BlackTeam "SK Passau 1869"]
[WhiteTeamCountry "GER"]
[BlackTeamCountry "GER"]

1. Nf3 Nf6 2. g3 c5 3. Bg2 Nc6 4. O-O g6 5. c4 Bg7 6. d4 O-O 7. d5 Na5 8. Qc2
d6 9. e4 e6 10. Nbd2 Re8 11. Re1 a6 12. Rb1 exd5 13. cxd5 Bd7 14. b3 Rc8 15.
Bb2 b5 16. Bf1 Qb6 17. h3 Re7 18. Re3 Rce8 19. Rbe1 Bc8 20. Bc3 Nd7 21. Bxg7
Kxg7 22. Nh2 Nb7 23. a3 f6 24. b4 Nd8 25. Qc3 Nf7 26. Bg2 Bb7 27. h4 Rc8 28.
Qb2 Rce8 29. Bh3 Bc8 30. Be6 cxb4 31. axb4 Nde5 32. Bxf7 Rxf7 33. Nhf3 Ng4 34.
R3e2 Rfe7 35. Qd4 Qd8 36. Rc1 Kg8 37. Rc6 Bb7 38. Rc3 Bc8 39. h5 f5 40. Nh4 Rg7
41. Ndf3 Bd7 42. hxg6 hxg6 43. e5 dxe5 44. Nxe5 Qf6 45. Nhf3 Rge7 46. Nxg4 Qxd4
47. Nxd4 fxg4 48. Rxe7 Rxe7 49. Re3 Kf7 50. Nb3 Bf5 51. Nc5 Ra7 52. d6 a5 53.
bxa5 Rxa5 54. Re7+ Kf6 55. Re1 Ra8 56. d7 Kf7 57. Rd1 Ke7 58. Rd4 Rd8 59. Kf1
Bxd7 60. Nxd7 Rxd7 61. Rxg4 Kf6 62. Ke2 Rd5 1/2-1/2

[Event "Bundesliga 9899"]
[Site "Deutschland"]
[Date "1998.10.17"]
[Round "1.5"]
[White "Pichler, Juergen"]
[Black "Tischbierek, Raj"]
[Result "0-1"]
[WhiteElo "2395"]
[BlackElo "2525"]
[PlyCount "50"]
[EventDate "1998.10.17"]
[EventType "team"]
[EventRounds "15"]
[EventCountry "GER"]
[SourceTitle "Bundesliga 9899"]
[Source "DeepChess"]
[SourceDate "2005.01.01"]
[SourceVersion "1"]
[SourceVersionDate "2005.01.01"]
[SourceQuality "1"]
[WhiteTeam "SK Passau 1869"]
[BlackTeam "Dresdner SC 1898"]
[WhiteTeamCountry "GER"]
[BlackTeamCountry "GER"]

1. d4 d6 2. e4 Nf6 3. Nc3 g6 4. g3 Bg7 5. Bg2 O-O 6. Nge2 e5 7. h3 Nc6 8. Be3
exd4 9. Nxd4 Bd7 10. O-O Re8 11. Re1 a6 12. a4 Na5 13. g4 c5 14. Nde2 Bc6 15.
Ng3 Nc4 16. Bc1 d5 17. Bf1 d4 18. Bxc4 dxc3 19. Qf3 Qe7 20. bxc3 Nxe4 21. Nxe4
Bxe4 22. Bg5 Bxf3 23. Rxe7 Rxe7 24. Bxe7 Re8 25. Bxc5 Rc8 0-1

[Event "Bundesliga 9899"]
[Site "Deutschland"]
[Date "1998.10.17"]
[Round "1.7"]
[White "Schlingensiepen, Christian"]
[Black "Borriss, Martin"]
[Result "0-1"]
[WhiteElo "2300"]
[BlackElo "2430"]
[PlyCount "54"]
[EventDate "1998.10.17"]
[EventType "team"]
[EventRounds "15"]
[EventCountry "GER"]
[SourceTitle "Bundesliga 9899"]
[Source "DeepChess"]
[SourceDate "2005.01.01"]
[SourceVersion "1"]
[SourceVersionDate "2005.01.01"]
[SourceQuality "1"]
[WhiteTeam "SK Passau 1869"]
[BlackTeam "Dresdner SC 1898"]
[WhiteTeamCountry "GER"]
[BlackTeamCountry "GER"]

1. e4 c5 2. Nc3 Nc6 3. g3 g6 4. Bg2 Bg7 5. d3 d6 6. f4 e6 7. Nf3 Nge7 8. O-O
O-O 9. Rb1 Rb8 10. Be3 Nd4 11. Ne2 Nxf3+ 12. Bxf3 b6 13. c3 f5 14. b4 Bb7 15.
Qb3 Qd7 16. g4 Rbc8 17. c4 e5 18. gxf5 gxf5 19. Ng3 exf4 20. Bxf4 Ng6 21. Bg5
f4 22. Ne2 h6 23. Bh5 hxg5 24. Bxg6 Qg4+ 25. Kf2 Rf6 26. Bf5 Rxf5 27. exf5 Re8
0-1

[Event "Bundesliga 9899"]
[Site "Deutschland"]
[Date "1998.10.17"]
[Round "1.8"]
[White "Gauglitz, Gernot"]
[Black "Kaiser, Wolfgang"]
[Result "1-0"]
[WhiteElo "2400"]
[BlackElo "2400"]
[PlyCount "93"]
[EventDate "1998.10.17"]
[EventType "team"]
[EventRounds "15"]
[EventCountry "GER"]
[SourceTitle "Bundesliga 9899"]
[Source "DeepChess"]
[SourceDate "2005.01.01"]
[SourceVersion "1"]
[SourceVersionDate "2005.01.01"]
[SourceQuality "1"]
[WhiteTeam "Dresdner SC 1898"]
[BlackTeam "SK Passau 1869"]
[WhiteTeamCountry "GER"]
[BlackTeamCountry "GER"]

1. d4 Nf6 2. Nf3 b6 3. g3 Bb7 4. Bg2 c5 5. c3 e6 6. O-O Be7 7. Re1 Na6 8. a3
Rc8 9. Qa4 Qc7 10. Bf4 Qc6 11. Qxc6 Bxc6 12. Nbd2 Nd5 13. e4 Nxf4 14. gxf4 cxd4
15. Nxd4 Nc5 16. Bf1 Ba8 17. b4 Na4 18. Ba6 O-O 19. Nb5 Rcd8 20. Rac1 f5 21. e5
g5 22. Nd4 b5 23. Bxb5 Nb6 24. c4 Kf7 25. N2f3 h6 26. Rb1 Rg8 27. a4 a6 28.
Bxa6 Nxa4 29. Rb3 g4 30. Nd2 d6 31. Nxe6 dxe5 32. Nxd8+ Rxd8 33. Nf1 exf4 34.
c5 Be4 35. Bb5 Nxc5 36. bxc5 Bxc5 37. Bc4+ Kf6 38. Rb5 Bd4 39. Bb3 h5 40. Rd1
h4 41. Bd5 Ba7 42. Bxe4 Rxd1 43. Rxf5+ Ke6 44. Ra5 Bxf2+ 45. Kxf2 g3+ 46. Ke2
Rd4 47. Bf3 1-0

[Event "Bundesliga 9899"]
[Site "Deutschland"]
[Date "1998.10.17"]
[Round "1.1"]
[White "Votava, Jan"]
[Black "Movsesian, Sergei"]
[Result "0-1"]
[WhiteElo "2505"]
[BlackElo "2595"]
[PlyCount "76"]
[EventDate "1998.10.17"]
[EventType "team"]
[EventRounds "15"]
[EventCountry "GER"]
[SourceTitle "Bundesliga 9899"]
[Source "DeepChess"]
[SourceDate "2005.01.01"]
[SourceVersion "1"]
[SourceVersionDate "2005.01.01"]
[SourceQuality "1"]
[WhiteTeam "Erfurter SK"]
[BlackTeam "SF Neukoelln 03 e.V."]
[WhiteTeamCountry "GER"]
[BlackTeamCountry "GER"]

1. c4 Nf6 2. Nc3 g6 3. g3 Bg7 4. Bg2 O-O 5. e4 c5 6. Nge2 Nc6 7. d3 d6 8. O-O
Ne8 9. Rb1 Nc7 10. a3 Rb8 11. b4 cxb4 12. axb4 b5 13. c5 dxc5 14. bxc5 Bg4 15.
h3 Bxe2 16. Nxe2 Ne6 17. Be3 Ncd4 18. f4 a5 19. e5 f6 20. Nxd4 Nxd4 21. exf6
Bxf6 22. Kh2 Kh8 23. h4 a4 24. h5 a3 25. Be4 Nf5 26. hxg6 hxg6 27. Bxf5 gxf5
28. Qh5+ Kg7 29. Qxf5 Rh8+ 30. Kg1 b4 31. Qg4+ Kf8 32. Qe6 Qxd3 33. Rbd1 Qh7
34. Kg2 Qh2+ 35. Kf3 Qh5+ 36. g4 Qf7 37. Qa6 Rh3+ 38. Ke2 Qg6 0-1

[Event "Bundesliga 9899"]
[Site "Deutschland"]
[Date "1998.10.17"]
[Round "1.2"]
[White "Luther, Thomas"]
[Black "Casper, Thomas"]
[Result "1/2-1/2"]
[WhiteElo "2510"]
[BlackElo "2415"]
[PlyCount "52"]
[EventDate "1998.10.17"]
[EventType "team"]
[EventRounds "15"]
[EventCountry "GER"]
[SourceTitle "Bundesliga 9899"]
[Source "DeepChess"]
[SourceDate "2005.01.01"]
[SourceVersion "1"]
[SourceVersionDate "2005.01.01"]
[SourceQuality "1"]
[WhiteTeam "SF Neukoelln 03 e.V."]
[BlackTeam "Erfurter SK"]
[WhiteTeamCountry "GER"]
[BlackTeamCountry "GER"]

1. e4 e6 2. d4 d5 3. Nd2 c5 4. Ngf3 Nc6 5. Bb5 dxe4 6. Nxe4 Bd7 7. O-O cxd4 8.
Bg5 Qb6 9. Qe2 f6 10. Bh4 O-O-O 11. c3 Nh6 12. Nxd4 Nf5 13. Bxc6 Bxc6 14. Nxc6
Qxc6 15. Bg3 Be7 16. Rad1 Rxd1 17. Rxd1 Rd8 18. Rxd8+ Bxd8 19. Bf4 e5 20. Bc1
Kb8 21. Qd3 Bc7 22. b3 Ne7 23. c4 f5 24. Nc3 e4 25. Qd1 Qd6 26. Qxd6 Bxd6
1/2-1/2

[Event "Bundesliga 9899"]
[Site "Deutschland"]
[Date "1998.10.17"]
[Round "1.3"]
[White "Kuczynski, Robert"]
[Black "Stohl, Igor"]
[Result "1/2-1/2"]
[WhiteElo "2485"]
[BlackElo "2550"]
[PlyCount "41"]
[EventDate "1998.10.17"]
[EventType "team"]
[EventRounds "15"]
[EventCountry "GER"]
[SourceTitle "Bundesliga 9899"]
[Source "DeepChess"]
[SourceDate "2005.01.01"]
[SourceVersion "1"]
[SourceVersionDate "2005.01.01"]
[SourceQuality "1"]
[WhiteTeam "Erfurter SK"]
[BlackTeam "SF Neukoelln 03 e.V."]
[WhiteTeamCountry "GER"]
[BlackTeamCountry "GER"]

1. e4 c5 2. Nf3 d6 3. d4 cxd4 4. Nxd4 Nf6 5. Nc3 a6 6. Be2 e6 7. O-O Nbd7 8. f4
b5 9. Bf3 Bb7 10. e5 Bxf3 11. Nxf3 Ng4 12. Qe2 b4 13. Na4 dxe5 14. fxe5 Rc8 15.
Bf4 Qa5 16. b3 Qb5 17. Rae1 Qxe2 18. Rxe2 h5 19. Rd1 Be7 20. Kf1 h4 21. h3
1/2-1/2

[Event "Bundesliga 9899"]
[Site "Deutschland"]
[Date "1998.10.17"]
[Round "1.4"]
[White "Bunzmann, Dimitrij"]
[Black "Enders, Peter"]
[Result "1-0"]
[WhiteElo "2390"]
[BlackElo "2525"]
[PlyCount "80"]
[EventDate "1998.10.17"]
[EventType "team"]
[EventRounds "15"]
[EventCountry "GER"]
[SourceTitle "Bundesliga 9899"]
[Source "DeepChess"]
[SourceDate "2005.01.01"]
[SourceVersion "1"]
[SourceVersionDate "2005.01.01"]
[SourceQuality "1"]
[WhiteTeam "SF Neukoelln 03 e.V."]
[BlackTeam "Erfurter SK"]
[WhiteTeamCountry "GER"]
[BlackTeamCountry "GER"]

1. Nf3 Nf6 2. c4 g6 3. g3 Bg7 4. Bg2 O-O 5. O-O d6 6. d4 c6 7. Nc3 Nbd7 8. h3
e5 9. e4 exd4 10. Nxd4 Re8 11. Re1 a5 12. Be3 a4 13. Qc2 Qa5 14. Rad1 Qb4 15.
a3 Qa5 16. b4 axb3 17. Nxb3 Qc7 18. c5 dxc5 19. Nxc5 Ne5 20. a4 b6 21. Nb3 Nc4
22. Bf4 Qb7 23. e5 Nh5 24. Nd4 Nxf4 25. gxf4 Na5 26. Ncb5 Bxh3 27. Bxh3 cxb5
28. Bg2 Qd7 29. Bxa8 Rxa8 30. e6 fxe6 31. Nxe6 Qf7 32. axb5 Bf6 33. Qc7 Be7 34.
Ng5 Bxg5 35. Qxf7+ Kxf7 36. fxg5 Ra7 37. Rd6 Nc4 38. Rc6 Nd2 39. Kg2 Rb7 40.
Ree6 Nb3 1-0

[Event "Bundesliga 9899"]
[Site "Deutschland"]
[Date "1998.10.17"]
[Round "1.5"]
[White "Mueller, Matthias"]
[Black "Berndt, Stephan"]
[Result "1/2-1/2"]
[WhiteElo "2385"]
[BlackElo "2380"]
[PlyCount "46"]
[EventDate "1998.10.17"]
[EventType "team"]
[EventRounds "15"]
[EventCountry "GER"]
[SourceTitle "Bundesliga 9899"]
[Source "DeepChess"]
[SourceDate "2005.01.01"]
[SourceVersion "1"]
[SourceVersionDate "2005.01.01"]
[SourceQuality "1"]
[WhiteTeam "Erfurter SK"]
[BlackTeam "SF Neukoelln 03 e.V."]
[WhiteTeamCountry "GER"]
[BlackTeamCountry "GER"]

1. e4 c5 2. Nf3 d6 3. d4 cxd4 4. Nxd4 Nf6 5. Nc3 g6 6. Be3 Bg7 7. f3 O-O 8. Qd2
Nc6 9. O-O-O d5 10. Qe1 e5 11. Nxc6 bxc6 12. exd5 cxd5 13. Bg5 Be6 14. Bc4 Qc7
15. Bxf6 dxc4 16. Bxg7 Kxg7 17. Qe3 Rab8 18. Rhe1 f6 19. Ne4 Rb6 20. Nc5 Rc8
21. Nxe6+ Rxe6 22. Qc3 Rd6 23. Rxd6 Qxd6 1/2-1/2

[Event "Bundesliga 9899"]
[Site "Deutschland"]
[Date "1998.10.17"]
[Round "1.6"]
[White "Hellsten, Johan"]
[Black "Renner, Christoph"]
[Result "0-1"]
[WhiteElo "2460"]
[BlackElo "2420"]
[PlyCount "78"]
[EventDate "1998.10.17"]
[EventType "team"]
[EventRounds "15"]
[EventCountry "GER"]
[SourceTitle "Bundesliga 9899"]
[Source "DeepChess"]
[SourceDate "2005.01.01"]
[SourceVersion "1"]
[SourceVersionDate "2005.01.01"]
[SourceQuality "1"]
[WhiteTeam "SF Neukoelln 03 e.V."]
[BlackTeam "Erfurter SK"]
[WhiteTeamCountry "GER"]
[BlackTeamCountry "GER"]

1. d4 f5 2. c4 Nf6 3. Nf3 d6 4. g3 g6 5. Bg2 Bg7 6. O-O O-O 7. Nc3 c6 8. d5 e5
9. e4 cxd5 10. cxd5 Na6 11. exf5 Bxf5 12. Ng5 Nc5 13. b4 Nd3 14. Ne6 Qb6 15.
Be3 Qxb4 16. Nxf8 Rxf8 17. Qb3 Qxb3 18. axb3 a6 19. h3 Rc8 20. Na4 Nb4 21. Nb6
Rc3 22. g4 Bd3 23. Rfc1 Nc2 24. Ra2 e4 25. g5 Ne8 26. Ra4 Nd4 27. Rxc3 Ne2+ 28.
Kh1 Nxc3 29. Ra5 Nc7 30. Nc4 N7b5 31. Nb2 Bc2 32. Nc4 Bxb3 33. Nb6 Nxd5 34.
Bxe4 Nxe3 35. fxe3 Bc3 36. Rxb5 axb5 37. Bxb7 Bd2 38. Nd5 b4 39. Kg2 Bc2 $138
0-1

[Event "Bundesliga 9899"]
[Site "Deutschland"]
[Date "1998.10.17"]
[Round "1.7"]
[White "Troyke, Christian"]
[Black "Polzin, Rainer"]
[Result "0-1"]
[WhiteElo "2400"]
[BlackElo "2440"]
[PlyCount "110"]
[EventDate "1998.10.17"]
[EventType "team"]
[EventRounds "15"]
[EventCountry "GER"]
[SourceTitle "Bundesliga 9899"]
[Source "DeepChess"]
[SourceDate "2005.01.01"]
[SourceVersion "1"]
[SourceVersionDate "2005.01.01"]
[SourceQuality "1"]
[WhiteTeam "Erfurter SK"]
[BlackTeam "SF Neukoelln 03 e.V."]
[WhiteTeamCountry "GER"]
[BlackTeamCountry "GER"]

1. g3 g6 2. Bg2 Bg7 3. c4 d6 4. Nc3 Nf6 5. e4 c5 6. Nge2 Nc6 7. O-O O-O 8. h3
Ne8 9. d3 Nc7 10. Be3 Ne6 11. Rb1 Bd7 12. Nd5 a5 13. Kh2 Rb8 14. Qd2 b5 15. Bh6
bxc4 16. dxc4 Ned4 17. Bxg7 Kxg7 18. f4 Nxe2 19. Qxe2 e6 20. Ne3 Nd4 21. Qd2
Rb4 22. Qc3 Kg8 23. e5 dxe5 24. fxe5 h5 25. Nc2 Nxc2 26. Qxc2 h4 27. Rf6 hxg3+
28. Kxg3 Kg7 29. Rbf1 Be8 30. b3 a4 31. Qf2 Qe7 32. Qf4 axb3 33. axb3 Rxb3+ 34.
Kh2 Rb2 35. Qg5 Qc7 36. R6f2 f5 37. Rxb2 Qxe5+ 38. Qg3 Qxb2 39. Qc7+ Bf7 40.
Qxc5 Rd8 41. Rf2 Qd4 42. Qxd4+ Rxd4 43. Rc2 e5 44. c5 e4 45. c6 Rc4 46. Rxc4
Bxc4 47. c7 Ba6 48. Kg3 Kf6 49. h4 Ke5 50. Bf1 Bc8 51. Bb5 f4+ 52. Kf2 Kd4 53.
Bc6 Kd3 54. Be8 Kd2 55. Bb5 Bg4 0-1

[Event "Bundesliga 9899"]
[Site "Deutschland"]
[Date "1998.10.17"]
[Round "1.8"]
[White "Rudolf, Henrik"]
[Black "Fuhrmann, Daniel"]
[Result "1-0"]
[WhiteElo "2275"]
[BlackElo "2300"]
[PlyCount "81"]
[EventDate "1998.10.17"]
[EventType "team"]
[EventRounds "15"]
[EventCountry "GER"]
[SourceTitle "Bundesliga 9899"]
[Source "DeepChess"]
[SourceDate "2005.01.01"]
[SourceVersion "1"]
[SourceVersionDate "2005.01.01"]
[SourceQuality "1"]
[WhiteTeam "SF Neukoelln 03 e.V."]
[BlackTeam "Erfurter SK"]
[WhiteTeamCountry "GER"]
[BlackTeamCountry "GER"]

1. e4 c6 2. d4 d5 3. exd5 cxd5 4. c4 Nf6 5. Nc3 Nc6 6. Nf3 Bg4 7. cxd5 Nxd5 8.
Qb3 Bxf3 9. gxf3 Nb6 10. d5 Nd4 11. Bb5+ Nd7 12. Qa4 Nxf3+ 13. Kf1 a6 14. Be2
Nfe5 15. f4 b5 16. Qd4 Nc4 17. a4 Na5 18. Ne4 Nb6 19. Nc5 Qxd5 20. Qxd5 Nxd5
21. axb5 e6 22. Rxa5 Bxc5 23. bxa6 Bb6 24. Ra3 O-O 25. Kg2 Rfc8 26. Kf3 f6 27.
Rd1 Rc2 28. Rb3 Bc7 29. Rb7 Rc6 30. Bd2 Kf8 31. Rc1 Rxc1 32. Bxc1 Ke7 33. b4
Kd6 34. Ba3 Rb8 35. b5+ Kd7 36. Rxb8 Bxb8 37. Bc5 Bd6 38. Bf2 Kc7 39. Bc4 Nxf4
40. b6+ Kb8 41. a7+ 1-0

[Event "Bundesliga 9899"]
[Site "Deutschland"]
[Date "1998.10.17"]
[Round "1.1"]
[White "Hracek, Zbynek"]
[Black "Ftacnik, Lubomir"]
[Result "1/2-1/2"]
[WhiteElo "2610"]
[BlackElo "2580"]
[PlyCount "64"]
[EventDate "1998.10.17"]
[EventType "team"]
[EventRounds "15"]
[EventCountry "GER"]
[SourceTitle "Bundesliga 9899"]
[Source "DeepChess"]
[SourceDate "2005.01.01"]
[SourceVersion "1"]
[SourceVersionDate "2005.01.01"]
[SourceQuality "1"]
[WhiteTeam "SAbt SV Werder Bremen"]
[BlackTeam "Hamburger SK 1830 e.V."]
[WhiteTeamCountry "GER"]
[BlackTeamCountry "GER"]

1. d4 Nf6 2. c4 g6 3. Nc3 d5 4. Nf3 Bg7 5. cxd5 Nxd5 6. e4 Nxc3 7. bxc3 c5 8.
Rb1 O-O 9. Be2 Nc6 10. d5 Ne5 11. Nxe5 Bxe5 12. Qd2 e6 13. f4 Bc7 14. Bc4 a6
15. a4 b5 16. axb5 axb5 17. Bxb5 exd5 18. Bc6 Qh4+ 19. g3 Qh5 20. Qxd5 Qf3 21.
Rf1 Qxc3+ 22. Bd2 Qc2 23. Rc1 Qb2 24. Bxa8 Rd8 25. Rxc5 Rxd5 26. Bxd5 Qa1+ 27.
Kf2 Qd4+ 28. Be3 Qb2+ 29. Kg1 Bh3 30. Rf2 Qa3 31. Rxc7 Qxe3 32. Bxf7+ Kh8
1/2-1/2

[Event "Bundesliga 9899"]
[Site "Deutschland"]
[Date "1998.10.17"]
[Round "1.2"]
[White "Wahls, Matthias"]
[Black "Kindermann, Stefan"]
[Result "1/2-1/2"]
[WhiteElo "2605"]
[BlackElo "2565"]
[PlyCount "41"]
[EventDate "1998.10.17"]
[EventType "team"]
[EventRounds "15"]
[EventCountry "GER"]
[SourceTitle "Bundesliga 9899"]
[Source "DeepChess"]
[SourceDate "2005.01.01"]
[SourceVersion "1"]
[SourceVersionDate "2005.01.01"]
[SourceQuality "1"]
[WhiteTeam "Hamburger SK 1830 e.V."]
[BlackTeam "SAbt SV Werder Bremen"]
[WhiteTeamCountry "GER"]
[BlackTeamCountry "GER"]

1. e4 g6 2. d4 Bg7 3. Nc3 d6 4. f4 Nf6 5. Nf3 c5 6. Bb5+ Bd7 7. e5 Ng4 8. Bxd7+
Qxd7 9. d5 dxe5 10. h3 e4 11. hxg4 exf3 12. Qxf3 Na6 13. Bd2 O-O-O 14. O-O-O f5
15. gxf5 gxf5 16. Be1 Nc7 17. Bh4 Qd6 18. Rhe1 Rhe8 19. g3 Rd7 20. Re3 Bd4 21.
Red3 1/2-1/2

[Event "Bundesliga 9899"]
[Site "Deutschland"]
[Date "1998.10.17"]
[Round "1.3"]
[White "Knaak, Rainer"]
[Black "Mueller, Karsten"]
[Result "1-0"]
[WhiteElo "2555"]
[BlackElo "2515"]
[PlyCount "79"]
[EventDate "1998.10.17"]
[EventType "team"]
[EventRounds "15"]
[EventCountry "GER"]
[SourceTitle "Bundesliga 9899"]
[Source "DeepChess"]
[SourceDate "2005.01.01"]
[SourceVersion "1"]
[SourceVersionDate "2005.01.01"]
[SourceQuality "1"]
[WhiteTeam "SAbt SV Werder Bremen"]
[BlackTeam "Hamburger SK 1830 e.V."]
[WhiteTeamCountry "GER"]
[BlackTeamCountry "GER"]

1. d4 d5 2. c4 c6 3. Nf3 Nf6 4. Nc3 e6 5. Bg5 dxc4 6. e4 b5 7. a4 Bb7 8. axb5
cxb5 9. Nxb5 Bxe4 10. Bxc4 Bb4+ 11. Nc3 O-O 12. O-O Bb7 13. Ne5 Be7 14. Qb3 Qb6
15. Qxb6 axb6 16. Rxa8 Bxa8 17. Ra1 Bd5 18. Bb5 Rd8 19. Ra7 Kf8 20. f3 h6 21.
Be3 Ne8 22. Nxd5 Rxd5 23. Be2 Nf6 24. Bc4 Rd8 25. Bb5 Nd5 26. Bd2 Kg8 27. Bc3
f6 28. Nc4 Bb4 29. Bxb4 Nxb4 30. Ra8 Nc2 31. d5 Nd4 32. Bd7 b5 33. dxe6 Kf8 34.
Nd6 Nxe6 35. Bxe6 Ke7 36. Nc8+ Kxe6 37. Rxb8 Rd1+ 38. Kf2 Rd2+ 39. Kg3 Rxb2 40.
Na7 1-0

[Event "Bundesliga 9899"]
[Site "Deutschland"]
[Date "1998.10.17"]
[Round "1.4"]
[White "Heinemann, Thies"]
[Black "Meins, Gerlef"]
[Result "1-0"]
[WhiteElo "2450"]
[BlackElo "2450"]
[PlyCount "107"]
[EventDate "1998.10.17"]
[EventType "team"]
[EventRounds "15"]
[EventCountry "GER"]
[SourceTitle "Bundesliga 9899"]
[Source "DeepChess"]
[SourceDate "2005.01.01"]
[SourceVersion "1"]
[SourceVersionDate "2005.01.01"]
[SourceQuality "1"]
[WhiteTeam "Hamburger SK 1830 e.V."]
[BlackTeam "SAbt SV Werder Bremen"]
[WhiteTeamCountry "GER"]
[BlackTeamCountry "GER"]

1. e4 c5 2. Nf3 Nc6 3. d4 cxd4 4. Nxd4 Nf6 5. Nc3 d6 6. Bg5 e6 7. Qd2 Be7 8.
O-O-O Nxd4 9. Qxd4 O-O 10. f3 Qa5 11. h4 Rd8 12. Kb1 Bd7 13. Qd2 Qc7 14. h5 h6
15. Bf4 Bc6 16. Rh3 Kh8 17. Bd3 e5 18. Be3 Bf8 19. g4 Nh7 20. g5 hxg5 21. Bxg5
Nxg5 22. Qxg5 Qe7 23. Qe3 Qe6 24. Rg3 Be7 25. Rdg1 Qh6 26. Qe2 Bf6 27. Bc4 Rd7
28. Rg4 Rg8 29. Qg2 Bd8 30. Rh1 Rf8 31. a3 a6 32. Qg1 Ba5 33. b4 Bd8 34. Rh2
Bf6 35. Rhg2 Rc7 36. Bb3 Rfc8 37. R4g3 Rf8 38. Kb2 Rfc8 39. Qb6 Qf4 40. Qg1 Qh6
41. Kb1 Rd7 42. Qd1 b5 43. Qd3 Ba8 44. Nd1 Rdc7 45. Qd2 Qxd2 46. Rxd2 Rd8 47.
Rd3 Bb7 48. Ne3 Bc8 49. Nd5 Ra7 50. h6 Kh7 51. hxg7 Bxg7 52. Rd1 Kg8 53. Rdg1
f6 54. Nc7+ 1-0

[Event "Bundesliga 9899"]
[Site "Deutschland"]
[Date "1998.10.17"]
[Round "1.5"]
[White "Heissler, Jakob"]
[Black "Wilhelmi, Christian"]
[Result "1/2-1/2"]
[WhiteElo "2435"]
[BlackElo "2445"]
[PlyCount "55"]
[EventDate "1998.10.17"]
[EventType "team"]
[EventRounds "15"]
[EventCountry "GER"]
[SourceTitle "Bundesliga 9899"]
[Source "DeepChess"]
[SourceDate "2005.01.01"]
[SourceVersion "1"]
[SourceVersionDate "2005.01.01"]
[SourceQuality "1"]
[WhiteTeam "SAbt SV Werder Bremen"]
[BlackTeam "Hamburger SK 1830 e.V."]
[WhiteTeamCountry "GER"]
[BlackTeamCountry "GER"]

1. e4 c5 2. Nf3 Nc6 3. d4 cxd4 4. Nxd4 Qc7 5. Nc3 e6 6. Be2 a6 7. O-O Nf6 8. a4
Be7 9. Be3 O-O 10. f4 d6 11. Kh1 Re8 12. Bf3 Rb8 13. g4 Nxd4 14. Bxd4 b6 15. g5
Nd7 16. Bg2 Bb7 17. Qh5 Bf8 18. Rf3 e5 19. fxe5 Nxe5 20. Rh3 h6 21. gxh6 g6 22.
Qe2 Kh7 23. Rf1 Re7 24. Qf2 Ng4 25. Qf4 Ne5 26. Qf2 Ng4 27. Qf4 Ne5 28. Qf2
1/2-1/2

[Event "Bundesliga 9899"]
[Site "Deutschland"]
[Date "1998.10.17"]
[Round "1.6"]
[White "Michaelsen, Nils"]
[Black "Kachiani Gersinska, Ketino"]
[Result "1/2-1/2"]
[WhiteElo "2430"]
[BlackElo "2435"]
[PlyCount "58"]
[EventDate "1998.10.17"]
[EventType "team"]
[EventRounds "15"]
[EventCountry "GER"]
[SourceTitle "Bundesliga 9899"]
[Source "DeepChess"]
[SourceDate "2005.01.01"]
[SourceVersion "1"]
[SourceVersionDate "2005.01.01"]
[SourceQuality "1"]
[WhiteTeam "Hamburger SK 1830 e.V."]
[BlackTeam "SAbt SV Werder Bremen"]
[WhiteTeamCountry "GER"]
[BlackTeamCountry "GER"]

1. d4 Nf6 2. c4 g6 3. Nc3 Bg7 4. e4 d6 5. f4 O-O 6. Nf3 c5 7. d5 b5 8. cxb5 a6
9. a4 axb5 10. Bxb5 Ba6 11. Bd2 Bxb5 12. axb5 Nbd7 13. O-O Rxa1 14. Qxa1 Nb6
15. Qe1 Qc8 16. f5 Nc4 17. Bg5 gxf5 18. Nh4 e6 19. exf5 exd5 20. Bxf6 Bxf6 21.
Nxd5 Qd8 22. Nf3 Nb6 23. Nxf6+ Qxf6 24. b3 Ra8 25. Nd2 d5 26. Qe3 Nd7 27. Qd3
Nb6 28. Qe3 Nd7 29. Qd3 Nb6 1/2-1/2

[Event "Bundesliga 9899"]
[Site "Deutschland"]
[Date "1998.10.17"]
[Round "1.7"]
[White "Forchert, Martin"]
[Black "Reeh, Oliver"]
[Result "0-1"]
[WhiteElo "2310"]
[BlackElo "2420"]
[PlyCount "78"]
[EventDate "1998.10.17"]
[EventType "team"]
[EventRounds "15"]
[EventCountry "GER"]
[SourceTitle "Bundesliga 9899"]
[Source "DeepChess"]
[SourceDate "2005.01.01"]
[SourceVersion "1"]
[SourceVersionDate "2005.01.01"]
[SourceQuality "1"]
[WhiteTeam "SAbt SV Werder Bremen"]
[BlackTeam "Hamburger SK 1830 e.V."]
[WhiteTeamCountry "GER"]
[BlackTeamCountry "GER"]

1. e4 c5 2. Nf3 d6 3. d4 cxd4 4. Nxd4 Nf6 5. Nc3 Nc6 6. Bg5 e6 7. Qd2 Be7 8.
O-O-O O-O 9. Nb3 Qb6 10. f3 Rd8 11. Kb1 a6 12. Be3 Qc7 13. Qf2 Nd7 14. g4 b5
15. h4 Rb8 16. g5 Nb6 17. Bd3 Na4 18. Ne2 Ne5 19. h5 Nc4 20. Bc1 e5 21. f4 f6
22. gxf6 Bxf6 23. f5 d5 24. h6 dxe4 25. Bxe4 Bb7 26. Bxb7 Qxb7 27. hxg7 Rxd1
28. Rxd1 Qe4 29. Ng3 Qc6 30. Qe1 Rc8 31. c3 Na3+ 32. bxa3 Nxc3+ 33. Ka1 Nxd1
34. Qxd1 e4+ 35. Kb1 Be5 36. Ne2 Qc4 37. Bb2 Qd3+ 38. Qxd3 exd3 39. Ned4 h5
$138 0-1